[Event "Tournoi Skype 024A"]
[Site "Skype"]
[Date "????.??.??"]
[Round "4.30"]
[White "Aranzubia, Desiderio"]
[Black "Bendre, Pankaj"]
[Result "1/2-1/2"]
[WhiteElo "1535"]
[BlackElo "1558"]
[PlyCount "37"]

1. d4 Nf6 2. c4 e6 3. Nc3 Bb4 4. Nf3 O-O 5. Qc2 d5 6. cxd5 exd5 7. Bg5 Nbd7 8.
a3 Bxc3+ 9. bxc3 h6 10. Bh4 b6 11. h3 Bb7 12. e3 c5 13. Be2 Re8 14. c4 Rc8 15.
Qd3 Ba6 16. Nd2 Qc7 17. Rc1 Qd6 18. O-O cxd4 19. Qxd4 1/2-1/2

[Event "Tournoi Skype 024A"]
[Site "Skype"]
[Date "????.??.??"]
[Round "4.31"]
[White "Fouquereau, Andre"]
[Black "Galani, Mahendra"]
[Result "1-0"]
[WhiteElo "1419"]
[BlackElo "1548"]
[PlyCount "147"]

1. e4 e5 2. Nf3 Nc6 3. c3 d6 4. a3 Nf6 5. Qc2 Bg4 6. Be2 d5 7. d3 Bd6 8. Bg5
Bh5 9. Nbd2 Be7 10. Nf1 h6 11. Bh4 Bg6 12. Ng3 Qd6 13. Rd1 Nh5 14. Nxh5 Bxh5
15. Bxe7 Nxe7 16. d4 Ng6 17. dxe5 Nxe5 18. Nxe5 Qxe5 19. Rxd5 Qe7 20. Rxh5 O-O
21. O-O Rad8 22. Bf3 Rd6 23. e5 Rb6 24. b4 c6 25. a4 a5 26. Qb3 axb4 27. c4 c5
28. Bd5 Rg6 29. Rf5 Kh8 30. a5 Rg5 31. Rxg5 Qxg5 32. Bxb7 Qxe5 33. a6 Qe7 34.
Qe3 Qc7 35. Ra1 Rd8 36. g3 Qb6 37. Bd5 Qa7 38. Ra5 Rc8 39. Bb7 Rd8 40. Qxc5 Qb8
41. Qxb4 Rd1+ 42. Kg2 Qe8 43. a7 Qe2 44. Qf8+ Kh7 45. Qxf7 Qf1+ 46. Kf3 Qd3+
47. Kg4 Qe2+ 48. Qf3 Rd4+ 49. Be4+ Rxe4+ 50. Kh3 Qxf3 51. a8=Q Qg4+ 52. Kg2 Re2
53. Qd5 Qg6 54. Qf3 Re1 55. h4 h5 56. Rg5 Qf6 57. Rf5 Qg6 58. c5 Qg4 59. Rg5
Qxf3+ 60. Kxf3 g6 61. Rd5 Rc1 62. Kf4 Kh6 63. Ke5 Kg7 64. Kd6 Kf6 65. c6 Ra1
66. c7 Ra6+ 67. Kd7 Ra7 68. Kd8 Ra8+ 69. c8=Q Rxc8+ 70. Kxc8 Ke6 71. Rg5 Kf6
72. Kd7 Kf7 73. Kd6 Kf6 74. f3 1-0

[Event "Tournoi Skype 024A"]
[Site "Skype"]
[Date "????.??.??"]
[Round "4.32"]
[White "L'Herbon De Lussats, Jean"]
[Black "Yardimci, Ertan"]
[Result "0-1"]
[WhiteElo "1539"]
[BlackElo "1610"]
[PlyCount "82"]

1. e4 c6 2. c4 d5 3. cxd5 cxd5 4. d4 dxe4 5. Nc3 Nf6 6. Bg5 Nbd7 7. Bb5 e6 8.
Nxe4 Qa5+ 9. Nc3 Be7 10. Nge2 O-O 11. O-O a6 12. Bxf6 Nxf6 13. Ba4 Bd7 14. Bb3
Bc6 15. Re1 Rad8 16. Qd3 Qc7 17. Ng3 Bd6 18. Rac1 Bxg3 19. fxg3 Qb6 20. Ne2 Bb5
21. Bc4 Bxc4 22. Qxc4 Nd5 23. b3 Nb4 24. Ra1 Rc8 25. Red1 Rxc4 26. bxc4 Nc6 27.
Rab1 Qc7 28. d5 exd5 29. cxd5 Ne5 30. d6 Qc6 31. Rbc1 Qb6+ 32. Kh1 Rd8 33. Nf4
Nc6 34. Re1 Kf8 35. Rb1 Qa7 36. Rbd1 Qb8 37. h4 Rxd6 38. Rd3 Rxd3 39. Nxd3 Qxg3
40. Ne5 Nxe5 41. Rxe5 Qxe5 0-1

[Event "Tournoi Skype 024A"]
[Site "Skype"]
[Date "????.??.??"]
[Round "4.33"]
[White "Chavero, Victor"]
[Black "Munoz Gonzalez, Martin"]
[Result "1-0"]
[WhiteElo "1544"]
[BlackElo "1460"]
[PlyCount "53"]

1. d4 d5 2. Nf3 e6 3. a3 c5 4. e3 Nc6 5. b3 Nf6 6. Bb2 a6 7. Bd3 cxd4 8. exd4
Be7 9. O-O O-O 10. Nbd2 Qc7 11. Qe2 Bd6 12. Ne5 Re8 13. Rac1 Qe7 14. b4 Na7 15.
c4 dxc4 16. Rxc4 Nd5 17. Rfc1 Bd7 18. Ne4 Bc7 19. Nc5 Bc8 20. Qc2 Nf6 21. Bxh7+
Nxh7 22. Nxb7 Bxe5 23. dxe5 Qxb7 24. Rc7 Qb6 25. Qe4 Rb8 26. Bd4 Qd6 27. exd6
1-0

[Event "Tournoi Skype 024A"]
[Site "Skype"]
[Date "????.??.??"]
[Round "5.1"]
[White "Siret, Bernard"]
[Black "Martinez, Jose Abel"]
[Result "1-0"]
[WhiteElo "2094"]
[BlackElo "1740"]
[PlyCount "149"]

1. e4 e6 2. b3 d5 3. Nc3 d4 4. Nce2 Nf6 5. Nf3 c5 6. Ng3 Nc6 7. Bb5 Bd7 8. O-O
h5 9. d3 h4 10. Ne2 Bd6 11. h3 Qc7 12. Bd2 Rc8 13. Rc1 Ne5 14. Bxd7+ Nfxd7 15.
Nxe5 Nxe5 16. f4 Ng6 17. f5 Ne5 18. Nf4 O-O 19. Qh5 exf5 20. exf5 Qd8 21. Nd5
f6 22. Nf4 Qd7 23. Ne6 Rfe8 24. Rce1 Rxe6 25. fxe6 Qxe6 26. Re4 Qf7 27. Qf5 Rc6
28. Rxh4 Qg6 29. Qxg6 Nxg6 30. Re4 b5 31. Re8+ Kf7 32. Rd8 Ke7 33. Ra8 Ra6 34.
Ra1 c4 35. a4 cxb3 36. cxb3 Kd7 37. Rg8 Bf8 38. Bh6 Ke7 39. Bxg7 Kf7 40. Bxf8
Kxg8 41. Bc5 Nf4 42. Rf1 Ne6 43. axb5 Ra5 44. b4 Rxb5 45. Rxf6 Nxc5 46. bxc5
Rxc5 47. Rd6 Rb5 48. Rxd4 a5 49. Kf2 Rh5 50. Ke3 Kf7 51. Ra4 Ke7 52. h4 Ke6 53.
g3 Kf6 54. d4 Kg6 55. Kf4 Rf5+ 56. Ke4 Kf6 57. g4 Rb5 58. d5 Rb1 59. d6 Ke6 60.
Rd4 Re1+ 61. Kf4 Rf1+ 62. Kg5 Rf8 63. d7 Rd8 64. h5 Rg8+ 65. Kf4 Rf8+ 66. Ke4
Rd8 67. g5 Ke7 68. h6 Ke6 69. g6 a4 70. g7 Kf7 71. Rc4 Rxd7 72. Rc8 Re7+ 73.
Kf5 Re8 74. Rxe8 Kxe8 75. g8=Q+ 1-0

[Event "Tournoi Skype 024A"]
[Site "Skype"]
[Date "????.??.??"]
[Round "5.3"]
[White "Ibarra Cantu, Raul Alberto"]
[Black "Benson, Paul"]
[Result "0-1"]
[WhiteElo "1955"]
[BlackElo "2013"]
[PlyCount "64"]

1. Nf3 f5 2. c4 g6 3. g3 Bg7 4. Bg2 Nf6 5. Nc3 d6 6. d4 O-O 7. O-O Nc6 8. a3 e5
9. dxe5 dxe5 10. Qxd8 Rxd8 11. Bg5 Be6 12. Nd5 Bxd5 13. cxd5 Rxd5 14. Nd2 e4
15. f3 Re8 16. fxe4 Nxe4 17. Nxe4 fxe4 18. Bf6 Rd2 19. Bxg7 Kxg7 20. Rad1 Rxe2
21. Rd7+ Re7 22. Rxe7+ Nxe7 23. Rd1 Kf6 24. Rd7 e3 25. Kf1 Rf2+ 26. Kg1 Rc2 27.
Kf1 Rf2+ 28. Kg1 Rd2 29. Rxd2 exd2 30. Bf3 Nc6 31. Kf2 Ne5 32. Be2 Nc4 0-1

[Event "Tournoi Skype 024A"]
[Site "Skype"]
[Date "????.??.??"]
[Round "5.4"]
[White "Sojka, Bernard"]
[Black "Altinok, Selim"]
[Result "1-0"]
[WhiteElo "2146"]
[BlackElo "1840"]
[PlyCount "89"]

1. g4 d5 2. Bg2 Bxg4 3. c4 c6 4. cxd5 Nf6 5. Qb3 Qb6 6. Nc3 e6 7. dxe6 Bxe6 8.
Qa4 Bc5 9. e3 Nbd7 10. Nf3 O-O 11. d4 Bb4 12. O-O c5 13. d5 Bf5 14. Rd1 c4 15.
Rd4 Nc5 16. Qd1 Bd3 17. Ne5 Qa6 18. Bd2 Rfe8 19. f4 Rad8 20. b3 Bxc3 21. Bxc3
b5 22. Bb4 Nfd7 23. Bxc5 Nxc5 24. bxc4 Bxc4 25. d6 Ne6 26. d7 Rf8 27. Rd6 Qa3
28. Qd2 Nc5 29. Qc1 Qb4 30. Nc6 Qa4 31. Nxd8 Rxd8 32. Qc3 Rxd7 33. Qe5 Be6 34.
Qxc5 Rxd6 35. Qxd6 g6 36. Qb8+ Kg7 37. Qe5+ Kg8 38. Bf3 b4 39. Rd1 Qe8 40. Kh1
h5 41. f5 gxf5 42. Rg1+ Kf8 43. Qd6+ Qe7 44. Rg8+ Kxg8 45. Qxe7 1-0

[Event "Tournoi Skype 024A"]
[Site "Skype"]
[Date "????.??.??"]
[Round "5.5"]
[White "Hilton, Stephen"]
[Black "Silva, Rodrigo De Souza"]
[Result "1/2-1/2"]
[WhiteElo "1825"]
[BlackElo "1946"]
[PlyCount "88"]

1. Nf3 Nf6 2. c4 g6 3. b4 Bg7 4. Bb2 O-O 5. g3 c6 6. Bg2 d5 7. c5 Nbd7 8. O-O
Qc7 9. d4 Ne4 10. Nbd2 Nxd2 11. Qxd2 e5 12. dxe5 Nxe5 13. Nxe5 Bxe5 14. Rfd1
Re8 15. Bf1 Bg4 16. Bxe5 Qxe5 17. h3 Bf5 18. e3 h5 19. Qd4 Qxd4 20. Rxd4 a5 21.
b5 a4 22. Rc1 Re4 23. Rcd1 Ra5 24. Rxe4 Bxe4 25. bxc6 bxc6 26. Rc1 Kg7 27. Be2
Kf6 28. f3 Bf5 29. g4 hxg4 30. hxg4 Be6 31. Kf2 a3 32. Rc2 Ke5 33. Bd3 f5 34.
f4+ Kf6 35. g5+ Ke7 36. Kf3 Kd7 37. Rc1 Kc7 38. Bb1 Bc8 39. Rc3 Ba6 40. Bd3 Kb7
41. Bxa6+ Kxa6 42. Ke2 Kb5 43. Kd3 Kb4 44. Kd4 Ra4 1/2-1/2

[Event "Tournoi Skype 024A"]
[Site "Skype"]
[Date "????.??.??"]
[Round "5.7"]
[White "Lopez, Jose Luis"]
[Black "Diaz, Jose Garcia"]
[Result "0-1"]
[WhiteElo "1893"]
[BlackElo "1807"]
[PlyCount "138"]

1. e4 c5 2. Nf3 Nc6 3. Nc3 g6 4. d4 cxd4 5. Nxd4 Bg7 6. Be3 a6 7. Qd2 e6 8. Be2
d5 9. exd5 exd5 10. O-O-O Nge7 11. Nb3 Be6 12. Nc5 O-O 13. Nxe6 fxe6 14. Bg4
Nf5 15. Bf4 Qb6 16. Rhe1 Rae8 17. a3 d4 18. Na4 Qa7 19. b4 e5 20. Bg5 b5 21.
Nc5 a5 22. Bf3 axb4 23. Bxc6 Qxa3+ 24. Kb1 Ra8 25. Bd5+ Kh8 26. Nb3 Nd6 27. Qe2
Nc4 28. Bxc4 Qa2+ 29. Kc1 bxc4 30. Qxc4 Rfc8 31. Qd3 Rc3 32. Qe4 Rac8 33. Re2
Qxb3 34. Kd2 Qb2 35. Ke1 Rxc2 36. Rxc2 Qxc2 37. Qxc2 Rxc2 38. Rb1 Bf8 39. Bf6+
Kg8 40. Bxe5 d3 41. Bf4 Bg7 42. Be3 Bc3+ 43. Kf1 Ra2 44. f4 Ra1 45. Rxa1 Bxa1
46. Ke1 b3 47. Bc1 Bc3+ 48. Kd1 Kg7 49. h3 b2 50. Bxb2 Bxb2 51. Kd2 Kf6 52.
Kxd3 Kf5 53. g3 Bc1 54. Ke2 Bxf4 55. gxf4 Kxf4 56. Kf2 g5 57. Kg2 h5 58. Kf2 h4
59. Kg2 Ke3 60. Kg1 Kf3 61. Kh2 Kf2 62. Kh1 Kg3 63. Kg1 Kxh3 64. Kh1 Kg3 65.
Kg1 h3 66. Kh1 Kf3 67. Kh2 g4 68. Kh1 Kf2 69. Kh2 g3+ 0-1

[Event "Tournoi Skype 024A"]
[Site "Skype"]
[Date "????.??.??"]
[Round "5.8"]
[White "Deville, Olivier"]
[Black "Pena, Eduin"]
[Result "1-0"]
[WhiteElo "1860"]
[BlackElo "1720"]
[PlyCount "81"]

1. d4 Nf6 2. c4 e6 3. Nf3 d5 4. g3 Bb4+ 5. Bd2 Be7 6. Bg2 c5 7. cxd5 Nxd5 8.
Nc3 Nc6 9. Nxd5 exd5 10. dxc5 Bxc5 11. O-O O-O 12. Rc1 Bb6 13. Qa4 Bd7 14. Qh4
Re8 15. Qxd8 Bxd8 16. e3 Be6 17. Bc3 Rb8 18. Nd4 Rc8 19. Nxe6 fxe6 20. b4 Bc7
21. a3 Ne5 22. Bd4 Nc4 23. Rc3 Bb6 24. Bxb6 axb6 25. Rfc1 b5 26. a4 bxa4 27. e4
d4 28. Rxc4 Rxc4 29. Rxc4 e5 30. Bf1 Kf7 31. Rc7+ Re7 32. Bc4+ Kf6 33. Rxe7
Kxe7 34. Kf1 a3 35. Ke2 b5 36. Ba2 Kf6 37. Kd3 h5 38. f4 exf4 39. gxf4 g5 40.
fxg5+ Kxg5 41. Kxd4 1-0

[Event "Tournoi Skype 024A"]
[Site "Skype"]
[Date "????.??.??"]
[Round "5.9"]
[White "Murgia, Stefano"]
[Black "Segura Lozano, Marcos Antonio"]
[Result "0-1"]
[WhiteElo "1769"]
[BlackElo "1784"]
[PlyCount "66"]

1. e4 d6 2. d4 g6 3. Nc3 Bg7 4. Be3 c6 5. Bd3 Nd7 6. Qd2 a6 7. Nf3 Qc7 8. O-O
Ngf6 9. Bh6 O-O 10. Bxg7 Kxg7 11. Rfd1 b6 12. Ng5 h6 13. Nh3 c5 14. d5 Ne5 15.
Be2 Bxh3 16. gxh3 c4 17. f4 Qc5+ 18. Kh1 Ned7 19. Rg1 b5 20. Bf3 Rad8 21. Rg3
Kh7 22. Rag1 Rg8 23. h4 Rg7 24. h5 Rdg8 25. e5 dxe5 26. Ne4 Qd4 27. Qg2 exf4
28. hxg6+ fxg6 29. Ng5+ Kh8 30. Nf7+ Rxf7 31. Rxg6 Rff8 32. Be4 Rxg6 33. Bxg6
Qxd5 0-1

[Event "Tournoi Skype 024A"]
[Site "Skype"]
[Date "????.??.??"]
[Round "5.10"]
[White "Calcino, Luis"]
[Black "Grosso, Raul"]
[Result "1/2-1/2"]
[WhiteElo "1675"]
[BlackElo "1895"]
[PlyCount "87"]

1. d4 Nf6 2. Nf3 c5 3. Nc3 cxd4 4. Nxd4 g6 5. Bf4 d6 6. Bg3 Bg7 7. Qd2 Nc6 8.
Nb3 a6 9. f3 b5 10. Bf2 Be6 11. e4 O-O 12. Nd4 Nxd4 13. Bxd4 Rc8 14. Be2 Qc7
15. O-O Bc4 16. Rac1 Bxe2 17. Nxe2 Qc4 18. b3 Qc6 19. c4 Qb7 20. Qd3 b4 21.
Rfd1 Rfd8 22. Qe3 Nd7 23. h3 Bxd4 24. Nxd4 Qb6 25. Nc2 Qa5 26. Ra1 Rc5 27. f4
Qb6 28. Kf2 a5 29. g4 e6 30. Rd2 Nf6 31. Kf1 Qc6 32. Re1 d5 33. Nd4 Qc7 34.
exd5 exd5 35. Nb5 Qc6 36. Qf3 Re8 37. Rxe8+ Qxe8 38. Qd3 dxc4 39. bxc4 Qc6 40.
Nd6 Qh1+ 41. Kf2 Qh2+ 42. Kf1 Qh1+ 43. Kf2 Qh2+ 44. Kf1 1/2-1/2

[Event "Tournoi Skype 024A"]
[Site "Skype"]
[Date "????.??.??"]
[Round "5.11"]
[White "Le Brun, Yves"]
[Black "Saponara, Jose Maria"]
[Result "0-1"]
[WhiteElo "1454"]
[BlackElo "1790"]
[PlyCount "64"]

1. d4 Nf6 2. Nf3 e6 3. g3 b6 4. Bg2 Bb7 5. O-O Be7 6. c4 O-O 7. Nc3 d5 8. b3 c5
9. Qc2 dxc4 10. bxc4 cxd4 11. Rd1 Qc8 12. Nb5 Nc6 13. a3 e5 14. a4 a6 15. Na3
Bc5 16. Nd2 Re8 17. Ne4 Nxe4 18. Bxe4 g6 19. Bd2 f5 20. Bd5+ Kh8 21. Qb1 Rb8
22. Bg5 Kg7 23. Qc1 Ne7 24. Bh6+ Kh8 25. Qg5 Nxd5 26. cxd5 Qd8 27. Nc4 Qxg5 28.
Bxg5 Bxd5 29. Nd2 Kg7 30. e4 fxe4 31. Nf1 h6 32. Bc1 a5 0-1

[Event "Tournoi Skype 024A"]
[Site "Skype"]
[Date "????.??.??"]
[Round "5.12"]
[White "Martinez Quintero, Javier"]
[Black "Mordaa, Ahmad"]
[Result "1-0"]
[WhiteElo "1750"]
[BlackElo "1458"]
[PlyCount "67"]

1. d4 Nf6 2. c4 e5 3. e3 exd4 4. exd4 Be7 5. Nf3 O-O 6. Be2 c6 7. O-O d5 8. b3
Ne4 9. Bb2 Qc7 10. Nbd2 Nxd2 11. Qxd2 Nd7 12. Rac1 Qd8 13. Qf4 Nf6 14. Bd3 Bd6
15. Ne5 Re8 16. Rfe1 h6 17. Re3 Bxe5 18. dxe5 g5 19. Qxf6 Qxf6 20. exf6 Be6 21.
Rce1 Rad8 22. cxd5 Rxd5 23. Bc4 Rd2 24. Bc3 Rxa2 25. g3 b5 26. Bxe6 Rxe6 27.
Rxe6 fxe6 28. Rxe6 Rc2 29. Rxc6 Re2 30. Rc8+ Kf7 31. Rc7+ Kf8 32. Bb4+ Ke8 33.
f7+ Kd8 34. Rxa7 1-0

[Event "Tournoi Skype 024A"]
[Site "Skype"]
[Date "????.??.??"]
[Round "5.13"]
[White "Lovell, Stan"]
[Black "Engstrom, Olle"]
[Result "1/2-1/2"]
[WhiteElo "1620"]
[BlackElo "1678"]
[PlyCount "55"]

1. e4 e6 2. d3 d5 3. Nd2 Nf6 4. Ngf3 c5 5. g3 Nc6 6. Bg2 Be7 7. O-O O-O 8. Re1
Re8 9. e5 Nd7 10. Nf1 f6 11. exf6 Nxf6 12. h4 Qb6 13. b3 Bd6 14. N1h2 h6 15.
Bd2 Qc7 16. Re2 e5 17. Bc3 d4 18. Bb2 Bf5 19. Qf1 e4 20. dxe4 Rxe4 21. Rae1
Rae8 22. Nd2 Rxe2 23. Rxe2 Rxe2 24. Qxe2 Ne5 25. Ne4 Bxe4 26. Bxe4 Nxe4 27.
Qxe4 Qc6 28. Qf5 1/2-1/2

[Event "Tournoi Skype 024A"]
[Site "Skype"]
[Date "????.??.??"]
[Round "5.14"]
[White "Lambert, Pierre"]
[Black "Jaramillo, Carlos"]
[Result "1-0"]
[WhiteElo "1870"]
[BlackElo "1559"]
[PlyCount "55"]

1. e4 c5 2. Nf3 Nc6 3. d4 cxd4 4. Nxd4 e5 5. Nb5 d6 6. N1c3 a6 7. Na3 b5 8. Nd5
Nf6 9. Bg5 Be7 10. Bxf6 Bxf6 11. Nxf6+ Qxf6 12. c3 O-O 13. Bd3 Be6 14. O-O Rad8
15. Qe2 d5 16. Nc2 d4 17. a4 dxc3 18. bxc3 Bb3 19. axb5 Bxc2 20. Qxc2 axb5 21.
Bxb5 Rc8 22. Qd2 Rfd8 23. Qe3 Rc7 24. Ra6 Rd6 25. Qb6 Qd8 26. h3 Qb8 27. Qxb8+
Nxb8 28. Rxd6 1-0

[Event "Tournoi Skype 024A"]
[Site "Skype"]
[Date "????.??.??"]
[Round "5.16"]
[White "Vasquez, Oscar"]
[Black "Leyton Calderon, Jairo Oswaldo"]
[Result "0-1"]
[WhiteElo "1712"]
[BlackElo "1562"]
[PlyCount "76"]

1. c4 Nf6 2. Nf3 b6 3. d4 Bb7 4. Nc3 e6 5. a3 d5 6. e3 Be7 7. Be2 O-O 8. O-O c5
9. Re1 Nc6 10. cxd5 Nxd5 11. Bd2 cxd4 12. Nxd4 Nxd4 13. exd4 Bf6 14. Be3 a6 15.
Rc1 Rc8 16. Qd2 Qd7 17. Bg5 Nxc3 18. bxc3 Qd5 19. Bf3 Qxg5 20. Qxg5 Bxg5 21.
Bxb7 Rc7 22. Rc2 Rxb7 23. g3 Rc8 24. f4 Be7 25. a4 Rc4 26. d5 exd5 27. Kg2 Kf8
28. Kf3 d4 29. Rce2 Rxc3+ 30. Ke4 Bc5 31. Kf5 Re3 32. Rxe3 dxe3 33. Ke4 a5 34.
h3 Rd7 35. g4 Rd2 36. f5 f6 37. Kf3 Ra2 38. h4 Rxa4 0-1

[Event "Tournoi Skype 024A"]
[Site "Skype"]
[Date "????.??.??"]
[Round "5.17"]
[White "Trivedi, Viral"]
[Black "Gharbi, Said"]
[Result "0-1"]
[WhiteElo "1654"]
[BlackElo "1537"]
[PlyCount "82"]

1. d4 e5 2. dxe5 Nc6 3. Nf3 Qe7 4. Qd5 Nb4 5. Qb3 a5 6. c3 Nc6 7. Bf4 a4 8. Qc2
g6 9. e3 Bg7 10. Na3 Nxe5 11. Be2 d6 12. Bb5+ c6 13. Bxa4 Bf5 14. Qd1 Nd3+ 15.
Kf1 Nxb2 16. Qb3 Nxa4 17. Nc4 Bd3+ 18. Kg1 Bxc4 19. Qxc4 Nxc3 20. Rc1 Nxa2 21.
Rc2 Nb4 22. Qxb4 Ra1+ 23. Ne1 Nf6 24. Bg5 Qe4 25. Qc3 Qxc2 26. Qxa1 Qe2 27. g3
O-O 28. Kg2 Ng4 29. Qa7 Nxf2 30. h4 Nxh1+ 31. Kxh1 Qxe1+ 32. Kh2 Be5 33. Bf4
Re8 34. Qxb7 Bxf4 35. exf4 Re2+ 36. Kh3 Re3 37. Qb8+ Kg7 38. Kg2 Qxg3+ 39. Kf1
Qf3+ 40. Kg1 Re2 41. Qxd6 Qg2# 0-1

[Event "Tournoi Skype 024A"]
[Site "Skype"]
[Date "????.??.??"]
[Round "5.18"]
[White "Mulrooney, Justin"]
[Black "Vello, Pablo"]
[Result "1/2-1/2"]
[WhiteElo "1647"]
[BlackElo "1518"]
[PlyCount "48"]

1. e4 e6 2. d4 d5 3. exd5 exd5 4. Nf3 Bf5 5. Bd3 Bxd3 6. Qxd3 c6 7. O-O Be7 8.
Bf4 Nf6 9. Nbd2 O-O 10. Qb3 Qb6 11. Rfe1 Re8 12. c3 Nbd7 13. Qc2 Nh5 14. Bg5
Bxg5 15. Nxg5 Nhf6 16. Re3 h6 17. Ngf3 Rxe3 18. fxe3 Re8 19. Re1 Ng4 20. Nf1 c5
21. b3 cxd4 22. exd4 Rxe1 23. Nxe1 Ngf6 24. Nf3 Ne4 1/2-1/2

[Event "Tournoi Skype 024A"]
[Site "Skype"]
[Date "????.??.??"]
[Round "5.20"]
[White "Montalvo, Mario"]
[Black "Khetre, Gaurav"]
[Result "0-1"]
[WhiteElo "1435"]
[BlackElo "1705"]
[PlyCount "100"]

1. d4 Nf6 2. Nf3 e6 3. Bf4 b6 4. e3 Bb7 5. c3 Be7 6. Bd3 d6 7. Nbd2 Nbd7 8. Qe2
c5 9. Rd1 O-O 10. h3 Rc8 11. O-O Qc7 12. e4 cxd4 13. cxd4 h6 14. Bh2 e5 15.
dxe5 dxe5 16. Nc4 Bd6 17. Nxd6 Qxd6 18. Bc4 Qc7 19. Bd5 Rfe8 20. Rfe1 Nh7 21.
Bxb7 Qxb7 22. Qb5 Nhf6 23. Qd3 Red8 24. Qe3 Qb8 25. Rd2 Ne8 26. Red1 Qc7 27.
Nxe5 Nxe5 28. Rxd8 Rxd8 29. Rxd8 Nf3+ 30. Qxf3 Qxd8 31. e5 Nc7 32. Bf4 Ne6 33.
Be3 Qc7 34. Qg3 Kf8 35. f4 Qc2 36. Qf2 Qd1+ 37. Kh2 Qd5 38. a3 g6 39. Qd2 Nc7
40. Qc3 Qd7 41. Qb4+ Ke8 42. Qe4 Nd5 43. Bd2 h5 44. g4 hxg4 45. hxg4 Nc7 46.
Qe2 Qd5 47. Kg3 Qb3+ 48. Kh2 Qxb2 49. Qd3 Ne6 50. Qd6 Nxf4 0-1

[Event "Tournoi Skype 024A"]
[Site "Skype"]
[Date "????.??.??"]
[Round "5.22"]
[White "Sauvaget, Joel"]
[Black "Aceituno, Stebe"]
[Result "1-0"]
[WhiteElo "1684"]
[BlackElo "1558"]
[PlyCount "119"]

1. e4 c5 2. Bc4 e6 3. Nf3 Nc6 4. a3 d6 5. Nc3 Nf6 6. d4 cxd4 7. Nxd4 a6 8. Nxc6
bxc6 9. Bg5 Be7 10. Bxf6 Bxf6 11. O-O O-O 12. Qd2 Qc7 13. Rab1 d5 14. exd5 cxd5
15. Bd3 Rb8 16. Nd1 Bb7 17. c3 a5 18. Ne3 Bg5 19. Qe2 Bxe3 20. Qxe3 e5 21. f3
Rbe8 22. Qd2 e4 23. fxe4 dxe4 24. Bc2 Re6 25. Qe3 Rh6 26. g3 Qb6 27. Rfe1 Qxe3+
28. Rxe3 Re8 29. Rbe1 Rhe6 30. g4 g6 31. Kg2 Kg7 32. Kg3 Re5 33. h4 g5 34. hxg5
Kg6 35. Kf4 Rxg5 36. Bxe4+ Bxe4 37. Rxe4 Rxe4+ 38. Rxe4 Rb5 39. b4 axb4 40.
cxb4 Kf6 41. a4 Rd5 42. b5 Rd3 43. b6 Rb3 44. a5 Rb5 45. Ra4 Ke7 46. Ke4 Kd7
47. Kd4 Kc8 48. Kc4 Rg5 49. a6 Rg6 50. Kb5 Kb8 51. Rc4 Rg5+ 52. Kb4 Rg6 53. Kb5
Rg5+ 54. Rc5 Rxg4 55. a7+ Kb7 56. Rc7+ Ka8 57. Rc8+ Kb7 58. Rc7+ Ka8 59. Rxf7
Rg5+ 60. Ka6 1-0

[Event "Tournoi Skype 024A"]
[Site "Skype"]
[Date "????.??.??"]
[Round "5.23"]
[White "Khunte, Aniruddha"]
[Black "Ram, Madhukesh"]
[Result "1/2-1/2"]
[WhiteElo "1616"]
[BlackElo "1430"]
[PlyCount "36"]

1. Nf3 c6 2. c4 d5 3. e3 Nf6 4. Nc3 Bg4 5. h3 Bh5 6. Be2 Nbd7 7. cxd5 cxd5 8.
d4 e6 9. O-O a6 10. Ne5 Bxe2 11. Qxe2 Bb4 12. Bd2 O-O 13. Rac1 Rc8 14. a3 Bxc3
15. Rxc3 Nxe5 16. Rxc8 Qxc8 17. dxe5 Ne4 18. Bb4 Re8 1/2-1/2

[Event "Tournoi Skype 024A"]
[Site "Skype"]
[Date "????.??.??"]
[Round "5.24"]
[White "Vilone, Rino"]
[Black "Marino, Giuseppe"]
[Result "1/2-1/2"]
[WhiteElo "1570"]
[BlackElo "1444"]
[PlyCount "36"]

1. e4 e5 2. Bc4 Nf6 3. Nc3 Be7 4. Nf3 d6 5. h3 O-O 6. O-O Re8 7. d3 h6 8. Bb3
Bf8 9. Nd5 Nxd5 10. Bxd5 c6 11. Bb3 Be6 12. Be3 Bxb3 13. axb3 Nd7 14. Nd2 a6
15. Nc4 Rb8 16. b4 Re6 17. Ba7 Ra8 18. Be3 Rb8 1/2-1/2

[Event "Tournoi Skype 024A"]
[Site "Skype"]
[Date "????.??.??"]
[Round "5.25"]
[White "Yeter, Orhan"]
[Black "Fouquereau, Andre"]
[Result "1-0"]
[WhiteElo "1570"]
[BlackElo "1419"]
[PlyCount "41"]

1. e4 e5 2. Nf3 Nf6 3. Nxe5 d6 4. Nd3 Be7 5. Nc3 c6 6. Be2 O-O 7. O-O Nbd7 8.
Re1 Ne5 9. Nxe5 dxe5 10. Bc4 Bg4 11. Be2 Be6 12. h3 Qc7 13. d4 Rad8 14. d5 cxd5
15. exd5 Nxd5 16. Nxd5 Rxd5 17. Bd3 Bh4 18. Bxh7+ Kh8 19. Qh5 Bf6 20. Be4+ Kg8
21. Qh7# 1-0

[Event "Tournoi Skype 024A"]
[Site "Skype"]
[Date "????.??.??"]
[Round "5.26"]
[White "Bendre, Pankaj"]
[Black "Aravena, Alvaro"]
[Result "0-1"]
[WhiteElo "1558"]
[BlackElo "1660"]
[PlyCount "25"]

1. e4 e6 2. d4 d5 3. e5 c5 4. c3 Nc6 5. Nf3 cxd4 6. cxd4 Nge7 7. Nc3 Nf5 8. g4
Nh4 9. Be3 Be7 10. Be2 Ng2+ 11. Kf1 Nxe3+ 12. fxe3 O-O 13. h4 0-1

[Event "Tournoi Skype 024A"]
[Site "Skype"]
[Date "????.??.??"]
[Round "5.27"]
[White "Thoune, Jim"]
[Black "Chavero, Victor"]
[Result "1-0"]
[WhiteElo "1659"]
[BlackElo "1544"]
[PlyCount "87"]

1. Nf3 d5 2. d4 Nf6 3. e3 a6 4. Bd3 Nbd7 5. O-O b6 6. Nbd2 Bb7 7. c4 e6 8. cxd5
exd5 9. a3 Be7 10. b4 O-O 11. Bb2 Rc8 12. Rc1 c5 13. bxc5 bxc5 14. dxc5 Nxc5
15. Bf5 Rc6 16. Ne5 Rb6 17. Bd4 Qc7 18. Nd3 Rc6 19. Ne5 Rb6 20. Ndf3 Bc8 21.
Bxc8 Rxc8 22. h3 Qb7 23. Ng5 Rb3 24. Rb1 Rb8 25. Rxb3 Qxb3 26. Nc6 Rb7 27.
Nxe7+ Rxe7 28. Bxc5 Qxd1 29. Rxd1 Re5 30. Nf3 Re4 31. Rb1 g6 32. Rb8+ Kg7 33.
Bf8+ Kh8 34. Bh6+ Ng8 35. Ng5 Re7 36. h4 f6 37. Nh3 Re4 38. Nf4 d4 39. exd4 g5
40. Nd5 Re6 41. hxg5 fxg5 42. Bxg5 Kg7 43. Rb7+ Kg6 44. Nf4+ 1-0

[Event "Tournoi Skype 024A"]
[Site "Skype"]
[Date "????.??.??"]
[Round "5.28"]
[White "Mitrani, Alberto"]
[Black "Casey, Eamonn"]
[Result "0-1"]
[WhiteElo "1549"]
[BlackElo "1643"]
[PlyCount "42"]

1. d4 Nf6 2. Nf3 e6 3. e3 d5 4. Nbd2 Nbd7 5. b3 Bb4 6. Bd3 O-O 7. Bb2 c5 8. O-O
b6 9. a3 Bxd2 10. Nxd2 Qc7 11. f4 Bb7 12. Qf3 c4 13. Qh3 cxd3 14. c3 Ne4 15.
Nxe4 dxe4 16. f5 Rfe8 17. Rf4 exf5 18. Rxf5 Nf6 19. Qh4 Re6 20. Raf1 Nd5 21.
Qe1 Rh6 0-1

[Event "Tournoi Skype 024A"]
[Site "Skype"]
[Date "????.??.??"]
[Round "5.29"]
[White "Yardimci, Ertan"]
[Black "Aranzubia, Desiderio"]
[Result "1/2-1/2"]
[WhiteElo "1610"]
[BlackElo "1535"]
[PlyCount "30"]

1. d4 Nf6 2. Nf3 e6 3. c4 d5 4. Nc3 c5 5. e3 cxd4 6. Nxd4 dxc4 7. Bxc4 a6 8. a3
b5 9. Be2 Bb7 10. O-O Ne4 11. Qc2 Nxc3 12. Qxc3 Nd7 13. b4 Rc8 14. Qb3 Be7 15.
Bb2 Bf6 1/2-1/2

[Event "Tournoi Skype 024A"]
[Site "Skype"]
[Date "????.??.??"]
[Round "5.30"]
[White "Salazar Ticeran, Antonio"]
[Black "Ramirez Reina, Orlando"]
[Result "0-1"]
[WhiteElo "1590"]
[BlackElo "1492"]
[PlyCount "68"]

1. e4 Nc6 2. d4 e6 3. e5 d5 4. Bb5 Bd7 5. Bxc6 Bxc6 6. Nf3 Bb5 7. a4 Ba6 8. c3
c5 9. dxc5 Bxc5 10. b4 Bxf2+ 11. Kxf2 Bc4 12. Be3 a6 13. Na3 b5 14. a5 Qd7 15.
Qc2 h6 16. Rhd1 Qb7 17. Nxc4 bxc4 18. Bc5 Ne7 19. Qa4+ Nc6 20. Nd4 Rc8 21. Rab1
Qd7 22. Bd6 Nxd4 23. cxd4 Qxa4 24. Rdc1 c3 25. Bc5 c2 26. Rb2 Rxc5 27. bxc5
Qxd4+ 28. Ke1 Qxb2 29. Kd2 Qb4+ 30. Kxc2 Qxc5+ 31. Kb1 Qxc1+ 32. Kxc1 O-O 33.
Kb2 Rc8 34. Kb3 Rc4 0-1

[Event "Tournoi Skype 024A"]
[Site "Skype"]
[Date "????.??.??"]
[Round "5.32"]
[White "Galani, Mahendra"]
[Black "Grib, Johannes"]
[Result "0-1"]
[WhiteElo "1548"]
[BlackElo "1522"]
[PlyCount "64"]

1. e4 c5 2. Nc3 a6 3. Nd5 e6 4. Nf4 b5 5. c4 Bb7 6. Qc2 e5 7. Nh5 Nf6 8. Ng3
Nc6 9. cxb5 Nd4 10. Qb1 axb5 11. N1e2 Nxe2 12. Bxe2 c4 13. d3 Rc8 14. Bd2 d5
15. exd5 Qxd5 16. f3 Bc5 17. Qc2 O-O 18. dxc4 bxc4 19. Bxc4 Bf2+ 20. Kxf2 Rxc4
21. Bc3 Qc5+ 22. Ke2 e4 23. fxe4 Nxe4 24. Nxe4 Bxe4 25. Qd1 Qh5+ 26. Ke1 Qg5
27. Qd2 Qe7 28. Qe2 Re8 29. Kd2 Qg5+ 30. Kd1 Rd8+ 31. Ke1 Re8 32. Qxc4 Bd3+ 0-1